000 01829cam a2200217 4500
001 ABS64070
008 000000n2001 000 0 eng u
035 _a(Sirsi) u112685
245 _aScoring for success in England
260 _c2001
490 _aForestry & British Timber
_v30 (5) May 2001, 20-22(2)
520 _aThe England Forestry Strategy (EFS), published over two years ago, set out government's programmes and priorities for forestry in England. It established a new vision for England's woods and forests based on four programmes: including woodlands for timber production, economic regeneration, recreation and biodiversity. In a bid to improve the implementation of the Strategy, in January 2000 the Forestry Commission revised the Woodland Grant Scheme for new planting applications. Using predetermined criteria applicants have since been required to assess how their planting application meets the aims of the EFS. The results of the first year were encouraging, with applications demonstrating closer alignment to the EFS's priorities. Includes a bar chart indicating the scores from all applications. Through consideration of a number of examples looks at what has actually happened on the ground. The Forestry Commission has undertaken to review the discretionary approach to applications, introduced in January 2000. A consultation document was introduced in March 2001, which can be obtained from the Commission's National Office for England in Cambridge, or online at: http://www.forestry.gov.uk/newsrele.nsf/web-consultations?OpenView.
590 _aABS
650 _aENGLAND FORESTRY STRATEGY
650 _aFORESTRY COMMISSION
650 _aWOODLAND GRANT SCHEME
650 _aWOODLANDS
650 _aPLANTING APPLICATIONS
690 _aRURAL-AGRICULTURE AND FORESTRY
942 _n0
999 _c67078
_d67078